People Who've Been Shot - Sudden Death - Statistics

General Stats
  • This quiz has been taken 112 times
    69 since last reset
  • The average score is 3 of 11
Answers on the Grid
Answers color-coded by a green-red scale on the quiz's grid according to % correct below.
Louis XVI
John Adams
Andrew Jackson
Teddy Roosevelt
Vladimir Lenin
Franklin D. Roosevelt
Joseph Stalin
Frank Sinatra
Fidel Castro
Bob Dylan
Bob Marley
Ronald Reagan
Pope John Paul II
Mike Tyson
Lil Wayne
Eminem
Jay-Z
50 Cent
Dick Cheney
Saddam Hussein
Malala Yousafzai
Pope Francis
Imran Khan
Donald Trump
 
Answer Stats
Answer % Correct
Donald Trump
53%
50 Cent
45%
Teddy Roosevelt
45%
Ronald Reagan
37%
Malala Yousafzai
29%
Pope John Paul II
26%
Andrew Jackson
24%
Lil Wayne
16%
Bob Marley
13%
Vladimir Lenin
13%
Imran Khan
11%
No matching quizzes found
Score Distribution
Percent of People with Each Score
Percentile by Number Answered
Your Score History
You have not taken this quiz since the last reset